000 00245nam a2200085Ia 4500
245 0 _aHer daughter's dream
100 _a Rivers, Francine, Vereeniging [South Africa], 2010
_978260
942 _cBK
008 210817s9999 xx 000 0 und d
999 _c270123
_d270122